Information service in libraries / (Record no. 133711)

MARC details
000 -LEADER
fixed length control field 00662nam a22002297a 4500
005 - DATE AND TIME OF LATEST TRANSACTION
control field 20170124110214.0
010 ## - LIBRARY OF CONGRESS CONTROL NUMBER
LC control number 696313
020 ## - INTERNATIONAL STANDARD BOOK NUMBER
Terms of availability 00.00
035 ## - SYSTEM CONTROL NUMBER
System control number 696313
037 ## - SOURCE OF ACQUISITION
Source of stock number/acquisition Cen Lib/Ret
040 ## - CATALOGING SOURCE
Original cataloging agency DPL
Language of cataloging EN
082 ## - DEWEY DECIMAL CLASSIFICATION NUMBER
Classification number 025.5
Item number FOS
100 ## - MAIN ENTRY--PERSONAL NAME
Personal name Foskett, D. J.
9 (RLIN) 38714
245 ## - TITLE STATEMENT
Title Information service in libraries /
Statement of responsibility, etc by D. J. Foskett
260 ## - PUBLICATION, DISTRIBUTION, ETC. (IMPRINT)
Name of publisher, distributor, etc Crosby Lockwood and Sons
Place of publication, distribution, etc London
Date of publication, distribution, etc 1962
270 ## - ADDRESS
City London
Address 26 Old Brompton Raod
300 ## - PHYSICAL DESCRIPTION
Extent vii,142p.
Dimensions 20cm(Hb)
500 ## - GENERAL NOTE
General note Includes index<br/><br/>
650 ## - SUBJECT ADDED ENTRY--TOPICAL TERM
Topical term or geographic name as entry element Reference services (Libraries)
9 (RLIN) 38715
650 ## - SUBJECT ADDED ENTRY--TOPICAL TERM
Topical term or geographic name as entry element Reference services
9 (RLIN) 1406
942 ## - ADDED ENTRY ELEMENTS (KOHA)
Source of classification or shelving scheme Dewey Decimal Classification
Koha item type English Books
Classification part 025.5
Call number suffix FOS
Holdings
Withdrawn status Lost status Damaged status Not for loan Collection code Home library Current library Date acquired Source of acquisition Cost, normal purchase price Total Checkouts Full call number Barcode Date last seen Copy number Cost, replacement price Price effective from Koha item type
      Not For Loan Reference Central Library Central Library 27/07/2015 Cen Lib/Ret 0.00   025.5 FOS 696313 27/07/2015 1 0.00 27/07/2015 English Books

© Delhi Public Library
Hit Counter
free hit counter